La educación por la vista (Record no. 37570)

MARC details
000 -LEADER
campo de control de longitud fija 00491nam a2200169 i 4500
001 - NÚMERO DE CONTROL
campo de control 37570
003 - IDENTIFICADOR DE NÚMERO DE CONTROL
campo de control ES-MaACL
005 - FECHA Y HORA DE LA ÚLTIMA TRANSACCIÓN
campo de control 20250907063039.0
007 - CAMPO FIJO DE DESCRIPCIÓN FÍSICA--INFORMACIÓN GENERAL
campo de control de longitud fija t|
008 - DATOS DE LONGITUD FIJA--INFORMACIÓN GENERAL
campo de control de longitud fija 030221q19001999sp ||||1| spa d
100 1# - ENTRADA PRINCIPAL--NOMBRE DE PERSONA
Nombre de persona Bueno, Ángel,
Fechas asociadas al nombre fl. 1888-1915
9 (RLIN) 32373
245 13 - MENCIÓN DEL TÍTULO
Título La educación por la vista
Resto del título : libro del maestro /
Mención de responsabilidad, etc. Angel Bueno.
260 ## - PUBLICACIÓN, DISTRIBUCIÓN, ETC.
Lugar de publicación, distribución, etc. Burgos :
Nombre del editor, distribuidor, etc. Hijos de Santiago Rodríguez,
Fecha de publicación, distribución, etc. [19--?]
300 ## - DESCRIPCIÓN FÍSICA
Extensión 31 p.
852 ## - LOCALIZACIÓN
Ubicación ES-MaACL
Número de control de estantería 1669-F-10
Holdings
Estatus retirado Estado de pérdida Estado de daño No para préstamo Colección Biblioteca de origen Biblioteca actual Ubicación en estantería Fecha de adquisición Fuente de adquisición Total de préstamos Signatura topográfica completa Código de barras Visto por última vez Precio de reemplazo Tipo de ítem Koha
        Colección de folletos Biblioteca del Ateneo de Madrid Biblioteca del Ateneo de Madrid Depósito folletos 17/01/2008     1669-F-10 1039549 23/02/2023 23/02/2023 Folleto